000 02507nam a22003377a 4500
005 20111228111134.0
010 _aB-470836-846
020 _a9788128628917
_c40.00
035 _aB-470836-846
037 _bBlue Berry/Ven
082 _aS
100 _aBlyton, Enid
_952699
245 _aNoddy tells a story /
_cby Enid Blyton
260 _aMumbai
_bEuro Books
_c2011
270 _aDani Corporat e Park, First Floor, 158, Vidyanagari Marg, Kalina, Santacruz
_bMumbai
_e400098
300 _aunpages
_bill.
_c20cm(pbk)
490 _aNody
_952700
942 _2ddc
_cCH
_mBLY
_hS
999 _c60062
_d60062